[Event "Challenge"]
[Site "http://www.queenalice.com/game.php?id=205167"]
[Date "2007.5.2"]
[Round "-"]
[White "chtoma"]
[Black "maxpeigne"]
[Result "0-1"]
[WhiteElo "1077"]
[BlackElo "1641"]

1. e4 e5 2. Nf3 Nc6 3. g3 Nf6 4. Bd3 Be7 5. Ng5 O-O 6. O-O d5 7. c4 dxc4 8. Bxc4
Bg4 9. Be2 Bxe2 10. Qxe2 h6 11. Nf3 Qd7 12. b4 Bxb4 13. d4 exd4 14. Qc4 Nxe4 15.
a3 Bc3 16. Nxc3 Nxc3 17. Nxd4 Nxd4 18. Qxc3 Ne2+ 19. Kh1 Nxc3 20. Bf4 Qd5+ 21.
f3 Ne2 22. Bxc7 Qh5 23. Bd6 Nxg3+ 24. Bxg3 Rfe8 25. Rae1 Rxe1 26. Rxe1 Qxf3+ 27.
Kg1 Qxa3 28. Re7 Qxe7 29. h4 Qe2 30. Bf2 Rd8 31. h5 Rd1+ 32. Kg2 Qf1+ 33. Kf3
Rd3+ 34. Kg4 Qd1+ 35. Kh4 Qa4+ 36. Bd4 Qxd4# 0-1

[Event "Challenge"]
[Site "http://www.queenalice.com/game.php?id=205748"]
[Date "2007.5.4"]
[Round "-"]
[White "chtoma"]
[Black "berguette"]
[Result "1-0"]
[WhiteElo "1036"]
[BlackElo "1231"]

1. e4 Nf6 2. Nc3 d6 3. Bb5+ c6 4. Bd3 Bg4 5. Be2 Qd7 6. h3 Bh5 7. g4 Bg6 8. Nf3
d5 9. d3 Na6 10. Ne5 d4 11. Nxd7 Kxd7 12. e5 Nd5 13. Ne4 Nf4 14. Bxf4 f6 15. Qd2
c5 16. O-O-O Bf7 17. Kb1 Nb4 18. Nxc5+ Ke8 19. Qxb4 b6 20. Nb7 Rb8 21. Bf3 e6
22. Qxd4 g5 23. exf6 Rg8 24. Bc6# 1-0

[Event "Challenge"]
[Site "http://www.queenalice.com/game.php?id=207737"]
[Date "2007.5.8"]
[Round "-"]
[White "chtoma"]
[Black "Hugo62"]
[Result "1-0"]
[WhiteElo "1057"]
[BlackElo "1241"]

1. e4 e5 2. b3 Nf6 3. Ba3 Nxe4 4. Qe2 Nd6 5. Qxe5+ Be7 6. Qxg7 Bf8 7. Qxh8 Qe7+
8. Be2 Qg5 9. g3 Ke7 10. Qxh7 Bg7 11. Qg8 Nc6 12. Nf3 Qg6 13. O-O a5 14. Nh4 Qf6
15. Nc3 Qh6 16. Nd5+ Ke6 17. Nxc7+ Ke7 18. Nxa8 Ke6 19. Qxc8 Nxc8 20. Rab1 Qxd2
21. Ba6 Nd6 22. Rfe1+ Ne5 23. Nf3 Ke7 24. Nxd2 Kf8 25. Bxd6+ Kg8 26. Bxb7 Bh6
27. Nc4 Ng4 28. Nxa5 Kh7 29. Re4 Nf6 30. Rf4 Ne8 31. Rxf7+ Kg8 32. Bd5 Nxd6 33.
Rf6+ Kg7 34. Rxd6 Bd2 35. Nc4 Bb4 36. Rxd7+ Kg6 37. Rd1 Kf6 38. Rd4 Bc5 39. Rf4+
Kg5 40. Rg7+ Kh6 41. Rg8 Bxf2+ 42. Kf1 Bc5 43. Rh4# 1-0

[Event "AUTO-BEG-99"]
[Site "http://www.queenalice.com/game.php?id=209232"]
[Date "2007.5.11"]
[Round "1"]
[White "chtoma"]
[Black "Predator"]
[Result "0-1"]
[WhiteElo "1057"]
[BlackElo "1100"]

1. e4 e5 2. Bc4 f6 3. Qh5+ g6 4. Qe2 d6 5. Bxg8 Rxg8 6. Qc4 Rg7 7. Nf3 f5 8. O-O
fxe4 9. d3 d5 10. Qb5+ c6 11. Qb3 exf3 12. gxf3 g5 13. Re1 Bd6 14. Nd2 g4 15. c4
gxf3+ 16. Kf1 Bh3# 0-1

[Event "AUTO-BEG-99"]
[Site "http://www.queenalice.com/game.php?id=209233"]
[Date "2007.5.11"]
[Round "1"]
[White "Predator"]
[Black "chtoma"]
[Result "1-0"]
[WhiteElo "1176"]
[BlackElo "1109"]

1. e4 e5 2. Nf3 Nc6 3. d4 exd4 4. Nxd4 Nxd4 5. Qxd4 d5 6. exd5 c5 7. Qe4+ Be7 8.
Bb5+ Bd7 9. Nc3 Nf6 10. Qe2 a6 11. Bc4 b5 12. Bg5 O-O 13. O-O-O Bg4 14. f3 Bf5
15. g4 bxc4 16. gxf5 h6 17. Qe5 hxg5 18. d6 Bxd6 19. Rxd6 Qc7 20. Rg1 Rfd8 21.
Rgd1 Re8 22. Nd5 Nxd5 23. Qxd5 Rad8 24. Rd7 Qf4+ 25. Kb1 Re5 26. Qxf7+ Kh7 27.
Qxg7# 1-0

[Event "AUTO-BEG-99"]
[Site "http://www.queenalice.com/game.php?id=209234"]
[Date "2007.5.11"]
[Round "1"]
[White "chtoma"]
[Black "fbdaniel"]
[Result "0-1"]
[WhiteElo "1077"]
[BlackElo "1232"]

1. e4 e6 2. Nc3 Qf6 3. d4 Nh6 4. Bb5 c6 5. e5 Qf5 6. Nh3 cxb5 7. Nxb5 Ng4 8.
Nc7+ Kd8 9. Nxa8 Qe4+ 10. Be3 Qxg2 11. Rf1 Qxh3 12. Qd2 Nc6 13. Qd3 Nxh2 14. Rg1
Nf3+ 15. Ke2 Nxg1+ 16. Kd1 Qf3+ 17. Kc1 Ne2+ 18. Kd2 Bb4+ 19. c3 Ba5 20. d5 Nxe5
21. Qc4 Nxc4+ 22. Kd3 Nxb2+ 23. Kd2 Nc4+ 24. Kd3 Qg4 25. Bxa7 Ne5+ 26. Kc2 Bxc3
0-1

[Event "AUTO-BEG-99"]
[Site "http://www.queenalice.com/game.php?id=209235"]
[Date "2007.5.11"]
[Round "1"]
[White "fbdaniel"]
[Black "chtoma"]
[Result "0-1"]
[WhiteElo "1331"]
[BlackElo "1083"]

1. e3 e5 2. Qf3 Nf6 3. Nc3 g5 4. Bc4 d5 5. Bb5+ c6 6. Ba4 Na6 7. Nh3 Bg7 8. d4
Nb4 9. Kd1 exd4 10. exd4 Ne4 11. a3 g4 12. Qe3 Be6 13. axb4 O-O 14. f3 gxf3 15.
gxf3 Nxc3+ 16. Qxc3 Bxh3 17. f4 Qh4 18. b5 Bg4+ 19. Kd2 Qf2+ 20. Kd3 Qe2# 0-1

[Event "AUTO-BEG-99"]
[Site "http://www.queenalice.com/game.php?id=209237"]
[Date "2007.5.11"]
[Round "1"]
[White "Mariohr"]
[Black "chtoma"]
[Result "0-1"]
[WhiteElo "1149"]
[BlackElo "1109"]

1. e4 e5 2. Nf3 Nf6 3. Nc3 Nc6 4. Bc4 Bc5 5. a3 O-O 6. b4 Ng4 7. h3 Nxf2 8. Qe2
Nxh1 9. bxc5 Nd4 10. Nxd4 exd4 0-1

[Event "Challenge"]
[Site "http://www.queenalice.com/game.php?id=209657"]
[Date "2007.5.12"]
[Round "-"]
[White "chtoma"]
[Black "berguette"]
[Result "0-1"]
[WhiteElo "1049"]
[BlackElo "1216"]

1. e4 Nf6 2. Nc3 c6 3. Bc4 d5 4. exd5 cxd5 5. Bb5+ Nc6 6. Qf3 Ng4 7. Nxd5 a6 8.
Bd3 Nd4 9. Nh3 Nxf3+ 10. gxf3 Ne5 11. b4 Nxd3+ 12. cxd3 Bxh3 13. Nf4 Bd7 14. O-O
Bh3 15. Nxh3 e6 16. d4 Bxb4 17. Rb1 Bd6 18. d3 Bc7 19. Ng5 O-O 20. Ba3 Qxg5+ 21.
Kh1 Qh5 22. Bxf8 Qxh2# 0-1

[Event "Challenge"]
[Site "http://www.queenalice.com/game.php?id=210986"]
[Date "2007.5.14"]
[Round "-"]
[White "chtoma"]
[Black "valmir"]
[Result "0-1"]
[WhiteElo "1060"]
[BlackElo "1129"]

1. e4 e5 2. Bc4 Qh4 3. Nf3 Qxe4+ 4. Be2 Nf6 5. O-O Qg4 6. Nxe5 Qg5 7. d4 Qh4 8.
Nc3 d6 9. Ng4 Bxg4 10. Nb5 a6 11. Nxc7+ Kd7 12. Nxa8 Kc6 13. g3 Qh5 14. Re1 Bxe2
15. Rxe2 Ng4 16. Re8 Qxh2+ 17. Kf1 Qxf2# 0-1

[Event "Challenge"]
[Site "http://www.queenalice.com/game.php?id=214492"]
[Date "2007.5.21"]
[Round "-"]
[White "chtoma"]
[Black "berguette"]
[Result "0-1"]
[WhiteElo "1127"]
[BlackElo "1267"]

1. e4 Nf6 2. Nc3 g6 3. Bc4 d6 4. d4 Bg4 5. f3 Bh5 6. Bf4 Nc6 7. Qd3 Bg7 8. O-O-O
Nd7 9. Bg5 Bxd4 10. Qd2 O-O 11. Nge2 Bf6 12. Bh6 Bg7 13. Bxg7 Kxg7 14. Bb5 a5
15. Bxc6 bxc6 16. Qd4+ e5 17. Qc4 Qb8 18. g4 Nb6 19. Qxc6 Ra7 20. gxh5 Nc4 21.
Qxc4 Qb6 22. Nd5 Qb7 23. Rhg1 Raa8 24. Nxc7 Rab8 25. Ne6+ Kg8 26. Nxf8 Qxb2+ 0-1

[Event "Challenge"]
[Site "http://www.queenalice.com/game.php?id=215103"]
[Date "2007.5.23"]
[Round "-"]
[White "chtoma"]
[Black "Icarvs"]
[Result "0-1"]
[WhiteElo "1080"]
[BlackElo "1399"]

1. e4 e5 2. Bc4 d6 3. Qh5 g6 4. Qe2 Nf6 5. Nf3 Bg7 6. Ng5 O-O 7. Nxf7 Rxf7 8.
Bxf7+ Kxf7 9. Qc4+ Be6 10. Qa4 Nc6 11. O-O Nd4 12. Nc3 Ng4 13. f3 Nxh2 14. Kxh2
Qh4+ 15. Kg1 Bh6 16. d3 a6 17. Bxh6 Qxh6 18. Qb4 b5 19. Nxb5 axb5 20. f4 Ne2+
21. Kf2 Nxf4 22. Qxb5 Qh4+ 23. g3 Qh2+ 24. Kf3 Qe2# 0-1

[Event "Challenge"]
[Site "http://www.queenalice.com/game.php?id=218163"]
[Date "2007.5.30"]
[Round "-"]
[White "chtoma"]
[Black "Hugo62"]
[Result "0-1"]
[WhiteElo "1117"]
[BlackElo "1150"]

1. e4 e5 2. Bc4 Nh6 3. Qh5 g6 4. Qxe5+ Qe7 5. Qxh8 Qxe4+ 6. Ne2 Qxc4 7. d3 Qxc2
8. Na3 Qxd3 9. Qxh7 b6 10. Bxh6 Be7 11. Qh8+ Bf8 12. Bxf8 Nc6 13. Nb5 Qxb5 14.
Bh6+ Ke7 0-1

[Event "AUTO-BEG-105"]
[Site "http://www.queenalice.com/game.php?id=219680"]
[Date "2007.6.2"]
[Round "1"]
[White "chtoma"]
[Black "evasion"]
[Result "0-1"]
[WhiteElo "1102"]
[BlackElo "1325"]

1. e4 c5 2. Bc4 e6 3. Qh5 Nf6 4. Qe2 d6 5. f4 Be7 6. f5 d5 7. exd5 exd5 8. Bb5+
Bd7 9. Nf3 O-O 10. Ne5 Bxb5 11. Qxb5 b6 0-1

[Event "AUTO-BEG-105"]
[Site "http://www.queenalice.com/game.php?id=219681"]
[Date "2007.6.2"]
[Round "1"]
[White "evasion"]
[Black "chtoma"]
[Result "1-0"]
[WhiteElo "1317"]
[BlackElo "1102"]

1. d4 c6 2. c4 b5 3. c5 Ba6 4. e4 d6 5. cxd6 exd6 6. Nf3 d5 7. e5 b4 8. Bxa6
Nxa6 9. Qa4 Qb6 10. O-O O-O-O 11. Nbd2 f6 12. Nb3 1-0